Date Importanti nella Storia - #2 - Statistics

Statistiche generali
  • Questo quiz è stato fatto 158 volte
  • Il punteggio medio è 3 su 15
Statistiche sulle risposte
Evento Data % Corretto
Incoronazione di Carlo Magno 25 Dicembre 800
93%
Nascita della Repubblica Italiana 2 Giugno 1946
61%
Caduta del Muro di Berlino 9 Novembre 1989
39%
Omicidio di Francesco Ferdinando 28 Giugno 1914
38%
Fine della Prima Guerra Mondiale 11 Novembre 1918
29%
Breccia di Porta Pia/Annessione di Roma al Regno d'Italia 20 Settembre 1870
25%
Battaglia di Waterloo 18 Giugno 1815
15%
Affissione delle 95 Tesi da parte di Martin Lutero 31 Ottobre 1517
15%
Primo volo dei Fratelli Wright 17 Dicembre 1903
5%
Nascita della Repubblica Popolare Cinese 1 Ottobre 1949
5%
Invenzione della Pila di Volta 20 Marzo 1800
2%
Nascita di Buddha 8 Aprile 556 a.C.
2%
Teoria della Relatività Generale 25 Novembre 1915
1%
Invenzione del bitcoin 3 Gennaio 2009
1%
Invenzione del Telegrafo e del Codice Morse 24 Maggio 1844
0%
Nessun quiz corrispondente trovato
Distribuzione punteggi
Percentuale di utenti per punteggio
Percentile per numero di risposta
I tuoi punteggi nel tempo
Non hai fatto questo quiz